Monty Python 'Dead' Euphemisms Quiz Stats

Quiz Updated Feb 23, 2016

Challenge
Share
Tweet
Embed
Score 0/15 Timer 05:00
2 Plays Today
Euphemism for 'dead' % Correct
ex-parrot
64.9%
deceased
48.3%
pushing up the daisies
44.3%
no more
43.8%
ceased to be
39%
passed on
34.1%
gone to meet its maker
32.9%
a stiff
29.8%
Euphemism for 'dead' % Correct
expired
27.7%
bereft of life
27.7%
joined the choir invisible
25.2%
rests in peace
20.3%
demised
19.9%
late parrot
18.2%
run down the curtain
11.6%

You're not logged in!

Compare scores with friends on all Sporcle quizzes.
Join for Free
OR
Log In

You Might Also Like...

Show Comments

Extras

Top Quizzes Today


Score Distribution

Your Account Isn't Verified!

In order to create a playlist on Sporcle, you need to verify the email address you used during registration. Go to your Sporcle Settings to finish the process.

Report this User

Report this user for behavior that violates our Community Guidelines.

Details: